• 首页
  • 本馆介绍
  • 公告通知
  • 最新文献
  • 馆藏检索
  • 电子资源
  • 读者导购
  • 参考咨询
  • 我的图书馆
  • 登录
  • 详细信息显示
  • 放入我的书架
  • 预约/预借图书
  • 作者相关作品
  • 分类相关作品
  • 丛书相关作品
  • 出版社相关作品

书目信息

  • 表格格式
  • 工作单格式
  • 卡片格式
题名:
变
    
 
作者: 埃兹拉蒂 著 ;沈建 译
分册:  
出版信息: 北京   新华出版社  2003
页数: 335页
开本: 20cm
丛书名:
单 册:
中图分类: D731.30
科图分类:
主题词: 政治--概况--日本
电子资源:
ISBN: 7-5011-5985-8
000 00727nam0 2200217 450
001 0554343531
005 20070116145230.12
010    @a7-5011-5985-8@dCNY21.00
100    @a20051101d2003 km y0chiy0120 ea
101 0  @achi@ceng
102    @aCN@b110000
200 1  @a变@Abian@e日本变局将如何改变世界均势@f(美)米尔顿·埃兹拉蒂著@F(mei)mi er dun·ai zi la di zhu@g沈建译@Gshen jian yi
210    @a北京@c新华出版社@d2003
215 1  @a335页@d20cm
517 1  @a日本变局将如何改变世界均势@Ari ben bian ju jiang ru he gai bian shi jie jun shi
606 0  @a政治@x概况@y日本
690    @aD731.30@v4
701  0 @a埃兹拉蒂@Aai zi la di@4著
702  0 @a沈建@Ashen jian@4译
801  0 @aCN@bPFT@c20070116
905    @a10447@dD731.30@e238
    
    变:日本变局将如何改变世界均势/(美)米尔顿·埃兹拉蒂著/沈建译.-北京:新华出版社,2003
    335页;20cm
    
    
    ISBN 7-5011-5985-8:CNY21.00
    
●
相关链接 在E读中查询图书 在五车中查询图书 在当当中查询图书 在豆瓣中查询图书


正题名:变     索取号:D731.30/238         预约/预借

序号 登录号 条形码 馆藏地/架位号 状态 备注
1 0337629   203376293   第一样本阅览室/ [索取号:D731.30/238] 在馆    
2 0337630   203376300   第一借阅区/ [索取号:D731.30/238] 在馆    
3 0337631   203376319   第一借阅区/ [索取号:D731.30/238] 在馆    
4 0601851   206018511   第一借阅区/ [索取号:D731.30/238] 在馆    
5 0601852   206018520   第一借阅区/ [索取号:D731.30/238] 在馆    
6 0601853   206018539   第一借阅区/ [索取号:D731.30/238] 在馆    
7 0601854   206018548   第一借阅区/ [索取号:D731.30/238] 在馆    
8 0601855   206018557   第一借阅区/ [索取号:D731.30/238] 在馆    
唐山师范学院图书馆 欢迎您!
大连网信软件有限公司© 版权所有